[Event "Capablanca Memorial Premier I 38th"]
[Site "Havana"]
[Date "2003.05.14"]
[Round "9"]
[White "Herraiz Hidalgo, Herminio"]
[Black "Herrera, Irisberto"]
[Result "1/2-1/2"]
[WhiteElo "2491"]
[BlackElo "2436"]
[PlyCount "27"]
[EventDate "2003.05.06"]
[EventType "tourn"]
[EventRounds "13"]
[EventCountry "CUB"]
[EventCategory "8"]
[SourceTitle "CBM 094 Extra"]
[Source "ChessBase"]
[SourceDate "2003.07.09"]
[SourceVersion "2"]
[SourceVersionDate "2003.07.09"]
[SourceQuality "1"]

1. d4 Nf6 2. c4 g6 3. Nc3 d5 4. Nf3 Bg7 5. Bg5 Ne4 6. cxd5 Nxg5 7. Nxg5 e6 8. Qd2 h6 9. Nf3 exd5 10. e3 a5 11. Be2 0-0 12. 0-0 c6 13. Rfc1 Nd7 14. b3 1/2-1/2

[Event "Capablanca Memorial Premier I 38th"]
[Site "Havana"]
[Date "2003.05.10"]
[Round "5"]
[White "Herrera, Irisberto"]
[Black "Fernando, Diogo"]
[Result "1-0"]
[WhiteElo "2436"]
[BlackElo "2438"]
[PlyCount "55"]
[EventDate "2003.05.06"]
[EventType "tourn"]
[EventRounds "13"]
[EventCountry "CUB"]
[EventCategory "8"]
[SourceTitle "CBM 094 Extra"]
[Source "ChessBase"]
[SourceDate "2003.07.09"]
[SourceVersion "2"]
[SourceVersionDate "2003.07.09"]
[SourceQuality "1"]

1. e4 c5 2. Nf3 d6 3. d4 cxd4 4. Nxd4 Nf6 5. Nc3 Nc6 6. Bg5 e6 7. Qd2 a6 8. 0-0-0 Nxd4 9. Qxd4 Be7 10. f4 b5 11. Be2 Bb7 12. Bf3 Qc7 13. Bxf6 gxf6 14. f5 h5 15. Kb1 Qc5 16. fxe6 fxe6 17. Qxc5 dxc5 18. Ne2 h4 19. Nf4 e5 20. Bh5+ Rxh5 21. Nxh5 Bxe4 22. Rhf1 Rd8 23. Rxd8+ Kxd8 24. g4 hxg3 25. hxg3 f5 26. Ng7 f4 27. gxf4 exf4 28. Rxf4 1-0

[Event "Capablanca Memorial Premier I 38th"]
[Site "Havana"]
[Date "2003.05.09"]
[Round "4"]
[White "Ramirez Alvarez, Alejandro"]
[Black "Herrera, Irisberto"]
[Result "1-0"]
[WhiteElo "2421"]
[BlackElo "2436"]
[PlyCount "109"]
[EventDate "2003.05.06"]
[EventType "tourn"]
[EventRounds "13"]
[EventCountry "CUB"]
[EventCategory "8"]
[SourceTitle "CBM 094 Extra"]
[Source "ChessBase"]
[SourceDate "2003.07.09"]
[SourceVersion "2"]
[SourceVersionDate "2003.07.09"]
[SourceQuality "1"]

1. e4 c5 2. Nf3 d6 3. d4 cxd4 4. Nxd4 Nf6 5. Nc3 a6 6. Be2 e5 7. Nb3 Be7 8. 0-0 0-0 9. Kh1 b6 10. a4 Bb7 11. f3 Nc6 12. Bg5 Nb4 13. Nb1 Nh5 14. Be3 Bg5 15. Bf2 Nf4 16. c3 Nc6 17. N1d2 Ne7 18. Nc4 Nc8 19. a5 b5 20. Nb6 Rb8 21. c4 Nxe2 22. Qxe2 bxc4 23. Qxc4 Nxb6 24. Bxb6 d5 25. Qe2 Qe8 26. exd5 Bxd5 27. Nc5 Bc6 28. Rfe1 Bb5 29. Qf2 Bd8 30. Ba7 Ra8 31. Ne4 Be7 32. Nc3 Qd7 33. Bb6 f6 34. Red1 Qc6 35. Nd5 Bd6 36. Rac1 Qe8 37. Bc7 Bxc7 38. Nxc7 Qg6 39. Nxa8 Rxa8 40. Rc7 h6 41. Qg3 Kh7 42. Qxg6+ Kxg6 43. h4 h5 44. Kg1 Re8 45. Kf2 e4 46. Re1 f5 47. fxe4 fxe4 48. Ke3 Rd8 49. Rc5 Kh6 50. Rg5 Rd3+ 51. Kxe4 Rb3 52. Rd1 Bc6+ 53. Ke5 Re3+ 54. Kd6 Be8 55. Re5 1-0

[Event "Capablanca Memorial Premier I 38th"]
[Site "Havana"]
[Date "2003.05.06"]
[Round "1"]
[White "Herrera, Irisberto"]
[Black "Mateo, Ramon"]
[Result "1/2-1/2"]
[WhiteElo "2436"]
[BlackElo "2444"]
[PlyCount "28"]
[EventDate "2003.05.06"]
[EventType "tourn"]
[EventRounds "13"]
[EventCountry "CUB"]
[EventCategory "8"]
[SourceTitle "CBM 094 Extra"]
[Source "ChessBase"]
[SourceDate "2003.07.09"]
[SourceVersion "2"]
[SourceVersionDate "2003.07.09"]
[SourceQuality "1"]

1. e4 c5 2. Nf3 d6 3. d4 cxd4 4. Nxd4 Nf6 5. Nc3 Nc6 6. Bg5 e6 7. Qd2 Be7 8. 0-0-0 Nxd4 9. Qxd4 a6 10. f3 Qc7 11. Kb1 Bd7 12. g4 b5 13. Be3 h6 14. h4 Rb8 1/2-1/2

[Event "Malaga op 6th"]
[Site "Malaga"]
[Date "2003.02.22"]
[Round "2"]
[White "Rodriguez Vinuesa, Azahara"]
[Black "Herrera, Irisberto"]
[Result "0-1"]
[WhiteElo "2113"]
[BlackElo "2439"]
[PlyCount "82"]
[EventDate "2003.02.21"]
[EventType "swiss"]
[EventRounds "9"]
[EventCountry "ESP"]
[SourceTitle "CBM 092 Extra"]
[Source "ChessBase"]
[SourceDate "2003.03.07"]
[SourceVersion "1"]
[SourceVersionDate "2003.03.07"]
[SourceQuality "1"]

1. e4 c5 2. Nf3 d6 3. d4 cxd4 4. Nxd4 Nf6 5. Nc3 a6 6. Be2 e5 7. Nb3 Be7 8. a4 0-0 9. 0-0 Be6 10. Bg5 Nbd7 11. Re1 Rc8 12. Nd2 h6 13. Be3 Re8 14. Nf1 Nb6 15. a5 Nc4 16. Bxc4 Rxc4 17. Bb6 Qc8 18. f3 Rb4 19. Rb1 d5 20. Nxd5 Bxd5 21. exd5 Bc5+ 22. Kh1 Bxb6 23. axb6 Rd4 24. Qc1 Rxd5 25. c4 Rc5 26. Ne3 Rc6 27. b4 e4 28. fxe4 Nxe4 29. Kg1 Rxb6 30. c5 Rg6 31. Rb2 Ng5 32. Rf1 Qc6 33. Nf5 Re5 34. Ng3 Ne4 35. Nxe4 Qxe4 36. Qb1 Qd4+ 37. Kh1 Reg5 38. Rff2 Qd5 39. Qa2 Qxa2 40. Rxa2 Re6 41. h3 Reg6 0-1